<?xml version="1.0" encoding="UTF-8"?>
<marc:record xmlns:marc="http://www.loc.gov/MARC21/slim">
   <marc:leader>00000nam a2200000 a 4500</marc:leader>
   <marc:datafield ind1="1" ind2=" " tag="100">
      <marc:subfield code="a">Deiser, Rudolf</marc:subfield>
      <marc:subfield code="4">aut</marc:subfield>
      <marc:subfield code="e">Verfasser/-in</marc:subfield>
   </marc:datafield>
   <marc:datafield ind1=" " ind2=" " tag="653">
      <marc:subfield code="a">Katzenkrankheit</marc:subfield>
   </marc:datafield>
   <marc:datafield ind1=" " ind2=" " tag="653">
      <marc:subfield code="a">Homöopathisches Arzneimittel</marc:subfield>
   </marc:datafield>
   <marc:datafield ind1=" " ind2=" " tag="653">
      <marc:subfield code="a">Bach-Blütentherapie</marc:subfield>
   </marc:datafield>
   <marc:datafield ind1=" " ind2=" " tag="653">
      <marc:subfield code="a">Softcover / Ratgeber/Natur/Hobbytierhaltung</marc:subfield>
   </marc:datafield>
   <marc:datafield ind1=" " ind2=" " tag="653">
      <marc:subfield code="a">Ratgeber</marc:subfield>
   </marc:datafield>
   <marc:datafield ind1="0" ind2="0" tag="245">
      <marc:subfield code="a">Naturheilpraxis Katzen</marc:subfield>
   </marc:datafield>
   <marc:datafield ind1="0" ind2="0" tag="245">
      <marc:subfield code="b">schnelle Selbsthilfe durch Homöopathie und Bach-Blüten</marc:subfield>
   </marc:datafield>
   <marc:datafield ind1="0" ind2="0" tag="245">
      <marc:subfield code="c">Rudolf Deiser</marc:subfield>
   </marc:datafield>
   <marc:datafield ind1=" " ind2="1" tag="264">
      <marc:subfield code="a">München</marc:subfield>
      <marc:subfield code="b">Gräfe und Unzer</marc:subfield>
      <marc:subfield code="c">2010</marc:subfield>
   </marc:datafield>
   <marc:datafield ind1="1" ind2=" " tag="520">
      <marc:subfield code="a">Angaben aus der Verlagsmeldung

Naturheilpraxis Katzen : Schnelle Selbsthilfe durch Homöopathie und Bach-Blüten / von Rudolf Deiser

Ihre Samtpfote hat leichten Durchfall und Sie möchten ihr nicht gleich Medikamente geben? Dann bietet Ihnen dieser Ratgeber sanfte Behandlungsmethoden mit Homöopathie und Bach-Blüten. Hierfür müssen Sie nicht in die Tiefen der homöopathischen Lehre und der Bach-Blüten einsteigen, sondern können mit Komplexmitteln schnell und einfach Ihre Katze behandeln. Der Vorteil von Komplexmitteln: Sie müssen nicht detailliert das Verhalten Ihrer Katze beobachten und aufwendig das genau passende Einzelmittel und die exakte Dosierung bestimmen. Selbstverständlich können nicht alle Erkrankungen selbst behandelt werden. Erstdiagnose-Tafeln zeigen Ihnen genau an, ob der Gang zum Tierarzt unvermeidlich ist. Für leichte Erkrankungen finden Sie, sortiert nach einem Kopf-Fußschema schnell die richtige Behandlung und unterstützende Maßnahmen. Wichtige Handgriffe wie die Versorgung von Wunden finden Sie im Praxisteil. Plus: Krankheiten vorbeugen mit der richtigen Pflege und Haltung.
</marc:subfield>
   </marc:datafield>
   <marc:datafield ind1=" " ind2=" " tag="020">
      <marc:subfield code="a">9783833821035</marc:subfield>
      <marc:subfield code="9">9783833821035</marc:subfield>
   </marc:datafield>
   <marc:datafield ind1=" " ind2=" " tag="020">
      <marc:subfield code="a">3833821035</marc:subfield>
      <marc:subfield code="9">3833821035</marc:subfield>
   </marc:datafield>
   <marc:datafield ind1=" " ind2=" " tag="300">
      <marc:subfield code="a">128 S.</marc:subfield>
   </marc:datafield>
</marc:record>
